Así se templó el acero
Guardat en:
| Autor principal: | |
|---|---|
| Format: | Llibre |
| Idioma: | espanyol |
| Publicat: |
Santiago
Quimantu
1972
|
| Col·lecció: | Colección Quimantu para todos, 23
|
| Matèries: | |
| Etiquetes: |
Afegir etiqueta
Sense etiquetes, Sigues el primer a etiquetar aquest registre!
|
MARC
| LEADER | 00000nam a2200000 a 4500 | ||
|---|---|---|---|
| 001 | UCX0961 | ||
| 003 | CL-VaPUC | ||
| 008 | 900425e19720000CL |||||||||||||||||spa|d | ||
| 082 | 0 | 4 | |a 891.73 |b OST |2 21 |
| 100 | |a Ostrovski, Nikolai |e autor |9 316329 | ||
| 245 | 1 | 0 | |a Así se templó el acero |
| 300 | |a 417 p | ||
| 942 | |c BK | ||
| 945 | |d 19900425 00:00:00 | ||
| 260 | |a Santiago |b Quimantu |c 1972 | ||
| 650 | 0 | |a Novelas rusas |9 316330 | |
| 583 | |a last modification |c 19900425 00:00:00 |k Rodrigo Vera | ||
| 490 | 0 | |a Colección Quimantu para todos, 23 | |
| 999 | |c 222326 |d 222324 | ||
| 952 | |0 0 |1 0 |4 0 |6 891_730000000000000_OST_1972 |7 0 |8 A |9 216851 |a BIBEDU |b BIBEDU |d 2019-11-15 |i 2858290 |o 891.73 OST 1972 |p 2858290 |r 2019-11-15 |w 2019-11-15 |y BK |k LIT | ||